| 000 | 00650nam a2200229Ia 4500 | ||
|---|---|---|---|
| 003 | OSt | ||
| 005 | 20230511090242.0 | ||
| 008 | 210423s2011 xx 000 0 und d | ||
| 020 | _a978-087969891-1 | ||
| 040 | _cAL | ||
| 041 | _aeng | ||
| 082 | _a574.873283 RIOR | ||
| 100 |
_aRIO ( Donald C );HANNON( Gregory J );ARES ( Manuel Jr);NILSEN ( Timothy ) _9102064 |
||
| 245 | _aRNA: a laboratory manual | ||
| 260 |
_aNew York _bCold Spring Harbour Press _c2011 |
||
| 300 |
_axiii,586p _bPB |
||
| 365 |
_b10697.7 _cINR |
||
| 650 |
_aBiology _9102065 |
||
| 650 |
_aCell Biology _9102066 |
||
| 906 | _alaboratory ; manual ; RNA: | ||
| 942 |
_2ddc _cBK |
||
| 999 |
_c165768 _d165768 |
||